000 00507nam a22001697a 4500
003 NUST - PNEC
005 20170116181004.0
008 150912b xxu||||| |||| 00| 0 eng d
020 _a085226870X
040 _cLIBRARY
082 _a621.38153 THO
100 _99667
_aThornton, R. D.
245 _aMultistage transistor circuits:semiconductor electronics education committee, Vol 5
_cRichard D. Thornton
260 _cc.1965
650 _99677
_aMultistage transistor circuits
_xEL ,EE
942 _2ddc
_cBK
999 _c66806
_d66806